| Tag |
First Indicator |
Second Indicator |
Subfields |
| LEADER |
00000cam a2200000 a 4500 |
| 001 |
in00000092348 |
| 005 |
20150923132112.0 |
| 008 |
800321s1961 nyu j 00010 eng d |
| 010 |
|
|
|z 61-5022
|
| 035 |
|
|
|a (OCoLC)06114315
|
| 035 |
|
|
|9 AAK7431AM
|
| 040 |
|
|
|a SEA
|c SEA
|d m.c.
|d TXA
|d UtOrBLW
|
| 049 |
|
|
|a [Curr Col] TXAM
|c 1 [388791], 2 [388792]
|
| 090 |
|
|
|a PZ7.C5792
|b Tw
|
| 100 |
1 |
|
|a Cleary, Beverly.
|
| 245 |
1 |
0 |
|a Two dog biscuits /
|c by Beverly Cleary ; pictures by Mary Stevens.
|
| 264 |
|
1 |
|a New York :
|b Morrow,
|c 1961.
|
| 300 |
|
|
|a 38 unnumbered pages :
|b illustrations (some color) ;
|c 19 x 26 cm.
|
| 336 |
|
|
|a text
|b txt
|2 rdacontent
|
| 337 |
|
|
|a unmediated
|b n
|2 rdamedia
|
| 338 |
|
|
|a volume
|b nc
|2 rdacarrier
|
| 490 |
1 |
|
|a Morrow Eagle library edition
|
| 700 |
1 |
|
|a Stevens, Mary,
|d 1920-1966.
|
| 830 |
|
0 |
|a Morrow eagle library edition.
|
| 999 |
|
|
|a MARS
|
| 999 |
f |
f |
|s 0b264d1a-5080-37d8-9a01-9a89332fbcd3
|i c1d7d7d8-66ba-3944-8e6f-d68a074c22a0
|t 0
|
| 952 |
f |
f |
|p ric
|a Texas A&M University
|b Rellis Campus
|c Joint Library Facility
|d Remote Storage
|t 0
|e PZ7.C5792 Tw
|h Library of Congress classification
|i unmediated -- volume
|m A14806007586
|
| 998 |
f |
f |
|a PZ7.C5792 Tw
|t 0
|l Remote Storage
|